| 000 | 00376 a2200157 4500 | ||
|---|---|---|---|
| 001 | 45150 | ||
| 020 | _a9788574121925 | ||
| 040 | _cAnchieta - Aquarius | ||
| 100 | _aWaddel, Martin | ||
| 240 | 1 | 0 |
_aVocê não consegue dormir, ursinho? _lpor |
| 245 | 1 | 0 | _aVocê não consegue dormir, ursinho? |
| 300 | _a35 | ||
| 362 | 0 | _a2008 | |
| 650 | 4 | _aLiteratura infantil | |
| 942 | _cBK | ||
| 999 |
_c45150 _d45150 |
||